[Event "TCh-RUS Women 2017"]
[Site "Sochi RUS"]
[Date "2017.05.05"]
[Round "5.1"]
[Board "4"]
[White "Tukaeva, Adelya"]
[Black "Simakova, Elena"]
[Result "1/2-1/2"]
[WhiteElo "2004"]
[BlackElo "1930"]
[WhiteTeam "Rook Republic of Tatarstan"]
[BlackTeam "Yuzhnyy Ural Chelyabinsk region"]
[WhiteFideId "24174360"]
[BlackFideId "34142166"]
[EventDate "2017.05.01"]

1. e4 e5 2. Nf3 Nc6 3. Bb5 Nf6 4. O-O Nxe4 5. d4 Nd6 6. Bxc6 dxc6 7. dxe5 Nf5 8.
Qxd8+ Kxd8 9. Nc3 a5 10. h3 a4 11. a3 h6 12. Bf4 Be6 13. Rad1+ Ke8 14. Ne4 Be7
15. Rfe1 b5 16. g4 Nh4 17. Nxh4 Bxh4 18. Nc5 h5 19. Nxe6 fxe6 20. Re4 hxg4 21.
hxg4 c5 22. c4 b4 23. axb4 cxb4 24. c5 Be7 25. Be3 Kf7 26. Rxb4 Rhb8 27. Rxb8
Rxb8 28. Rd2 Rb5 29. Rc2 Ke8 30. Rc4 Rxb2 31. Rxa4 Rc2 32. Ra8+ Kd7 33. Rg8 Bxc5
34. Rxg7+ Kc6 35. Bxc5 Rxc5 36. f4 Kd5 37. Kg2 Ke4 38. Rf7 Rc2+ 39. Kg3 c5 40.
g5 Rc1 41. Kf2 1/2-1/2

[Event "TCh-RUS Women 2017"]
[Site "Sochi RUS"]
[Date "2017.05.05"]
[Round "5.2"]
[Board "1"]
[White "Gutkovich, Polina"]
[Black "Solozhenkina, Elizaveta"]
[Result "1/2-1/2"]
[BlackTitle "WIM"]
[WhiteElo "1961"]
[BlackElo "2234"]
[WhiteTeam "Zhiguli Samara region"]
[BlackTeam "University Belorechensk"]
[WhiteFideId "34111597"]
[BlackFideId "34106615"]
[EventDate "2017.05.01"]

1. e4 c5 2. c3 d5 3. exd5 Qxd5 4. d4 Nc6 5. Nf3 Bf5 6. Be3 Nf6 7. Na3 cxd4 8.
Nb5 O-O-O 9. Nbxd4 Ng4 10. Qd2 Nxe3 11. Qxe3 Nxd4 12. Nxd4 Bd7 13. Be2 e6 14.
Bf3 Qc5 15. O-O Bd6 16. b4 Qe5 17. Qxe5 Bxe5 18. Nb3 Kb8 19. Rac1 Bf4 20. Rcd1
Be5 21. Rc1 b6 22. c4 Ba4 23. Rfd1 Bf4 24. Rc3 Bxb3 25. Rxb3 Rxd1+ 26. Bxd1 Rd8
27. Bf3 Rd2 28. g3 Be5 29. Be4 f5 30. Rd3 Rxa2 31. Bc6 Rc2 32. b5 Rxc4 33. Rd8+
Kc7 34. Rd7+ Kc8 35. Rxa7 Bd4 36. Re7 Rc1+ 37. Kg2 Rc2 38. Rxe6 Rxf2+ 39. Kh1
Bc5 40. Re8+ Kc7 41. Re6 h5 42. h4 f4 43. gxf4 Rxf4 44. Re4 Rf5 45. Kg2 Kd6 46.
Kg3 Ba3 47. Rd4+ Kc5 48. Rf4 Re5 49. Rf7 g5 50. hxg5 Rxg5+ 51. Kh4 Re5 52. Rh7 1/2-1/2

[Event "TCh-RUS Women 2017"]
[Site "Sochi RUS"]
[Date "2017.05.05"]
[Round "5.2"]
[Board "2"]
[White "Goltseva, Ekaterina"]
[Black "Pogorelskikh, Sofia"]
[Result "1-0"]
[WhiteTitle "WFM"]
[WhiteElo "2205"]
[BlackElo "1964"]
[WhiteTeam "University Belorechensk"]
[BlackTeam "Zhiguli Samara region"]
[WhiteFideId "24173770"]
[BlackFideId "44164548"]
[EventDate "2017.05.01"]

1. d4 Nf6 2. c4 g6 3. Nc3 Bg7 4. e4 d6 5. Be2 O-O 6. Bg5 Na6 7. Qd2 e5 8. d5 c6
9. Nf3 cxd5 10. cxd5 Bd7 11. O-O Qb8 12. Rab1 Nc5 13. Bxf6 Bxf6 14. b4 Na6 15.
Qb2 b5 16. Bd3 Qb6 17. Qe2 Nc7 18. Nd2 Rac8 19. a3 a6 20. Nb3 Na8 21. Rfc1 Bg5
22. Rc2 Qb8 23. Na5 Nb6 24. a4 Nxa4 25. Nxa4 bxa4 26. Rxc8 Qxc8 27. Bxa6 Qc3 28.
Qd3 Bd2 29. Qxc3 Bxc3 30. Nc6 a3 31. Bc4 Bc8 32. b5 Bb7 33. Ba2 Kg7 34. h3 Rc8
35. Rc1 Bd4 36. Rc4 Bc5 37. Ra4 Rf8 38. Bb1 f5 39. exf5 gxf5 40. Rc4 Kf6 41. Rh4
Bxc6 42. dxc6 Rf7 43. Ba2 Re7 44. Rc4 Rc7 45. Ra4 e4 46. Kf1 Ke5 47. Ra6 Bb4 48.
Kg1 Kd4 49. b6 Rxc6 50. b7 Rxa6 51. b8=Q Bc5 52. Qb5 Rb6 53. Qc4+ Ke5 54. Qd5+
Kf4 55. g3+ Kg5 56. Qg8+ 1-0

[Event "TCh-RUS Women 2017"]
[Site "Sochi RUS"]
[Date "2017.05.05"]
[Round "5.2"]
[Board "4"]
[White "Beshukova, Alina"]
[Black "Kalashnikova, Elena"]
[Result "1-0"]
[WhiteElo "1997"]
[BlackElo "1720"]
[WhiteTeam "University Belorechensk"]
[BlackTeam "Zhiguli Samara region"]
[WhiteFideId "24164828"]
[BlackFideId "24133418"]
[EventDate "2017.05.01"]

1. d4 d5 2. Nf3 Nf6 3. e3 Bf5 4. Bd3 Bxd3 5. Qxd3 c6 6. O-O Nbd7 7. b3 g6 8. Bb2
Bg7 9. Nbd2 O-O 10. c4 e6 11. Rfd1 Re8 12. e4 dxe4 13. Nxe4 Nxe4 14. Qxe4 Qc7
15. Ne5 Rad8 16. Qf4 Nxe5 17. dxe5 Rd7 18. Rxd7 Qxd7 19. Ba3 Rd8 20. h3 Qd2 21.
Qxd2 Rxd2 22. f4 g5 23. g3 gxf4 24. gxf4 Bh6 25. Bb4 Rd3 26. Kf2 Bxf4 27. Rg1+
Kh8 28. Bd6 Rxh3 29. Rg4 Be3+ 30. Kg2 Rh6 31. Kf3 Bc1 32. Be7 Rg6 33. Bf6+ Kg8
34. Rd4 Rxf6+ 35. exf6 h6 36. Rd7 b5 37. Rxa7 Bb2 38. Rc7 b4 39. Rxc6 Bxf6 40.
Rc8+ Kg7 41. c5 h5 42. c6 Be5 43. Ra8 h4 44. Kg4 Bg3 45. Ra7 Kg6 46. c7 f5+ 47.
Kh3 Bxc7 48. Rxc7 f4 49. Kxh4 Kf5 50. Rc4 e5 51. Rxb4 f3 52. Kg3 e4 53. Rb5+ Ke6
54. Kf2 Kd6 55. Ke3 Ke6 56. Kxe4 f2 57. Rf5 1-0

[Event "TCh-RUS Women 2017"]
[Site "Sochi RUS"]
[Date "2017.05.05"]
[Round "5.3"]
[Board "4"]
[White "Shuvalova, Polina"]
[Black "Styazhkina, Anna"]
[Result "1-0"]
[WhiteTitle "WIM"]
[BlackTitle "WIM"]
[WhiteElo "2385"]
[BlackElo "2250"]
[WhiteTeam "Legacy Square Capital Moscow"]
[BlackTeam "SDYUSSHOR SHSH St Petersburg"]
[WhiteFideId "24171760"]
[BlackFideId "24119300"]
[EventDate "2017.05.01"]

1. e4 e5 2. Nf3 Nc6 3. Bb5 a6 4. Ba4 g6 5. d4 exd4 6. Bg5 Be7 7. Bxe7 Qxe7 8.
Bxc6 dxc6 9. Qxd4 Nf6 10. Nc3 Bg4 11. Nd2 c5 12. Qe3 O-O-O 13. h3 Bd7 14. O-O-O
Bc6 15. Rhe1 Rhe8 16. Qg5 b6 17. f3 Qe6 18. b3 Nh5 19. g4 Ng7 20. Nc4 Bb5 21.
Nb2 f6 22. Qh6 Qg8 23. Rxd8+ Rxd8 24. Nd5 Qf7 25. Qxh7 Bc6 26. Nf4 g5 27. Nh5
Rd7 28. Qxg7 Qxg7 29. Nxg7 Rxg7 30. Rh1 Rh7 31. Kd2 Kd7 32. Ke3 Ke6 33. Nd3 Bb5
34. c4 Bc6 35. Rh2 a5 36. a4 Kd6 37. Kf2 Ke6 38. h4 gxh4 39. Nf4+ Ke5 40. Ke3
Be8 41. Rd2 c6 42. Nh3 Rb7 43. f4+ Ke6 44. f5+ Ke7 45. Kf4 b5 46. g5 bxc4 47.
bxc4 Rb4 48. gxf6+ Kxf6 49. e5+ Ke7 50. f6+ Kf8 51. Kf5 Rxc4 52. Ng5 h3 53. Rd8 1-0

[Event "TCh-RUS Women 2017"]
[Site "Sochi RUS"]
[Date "2017.05.05"]
[Round "5.4"]
[Board "2"]
[White "Tomilova, Elena"]
[Black "Nasybullina, Alfia"]
[Result "1-0"]
[WhiteTitle "WIM"]
[BlackTitle "WFM"]
[WhiteElo "2300"]
[BlackElo "2162"]
[WhiteTeam "Donchanka Rostov region"]
[BlackTeam "Bukavushki Tolyatti"]
[WhiteFideId "4162340"]
[BlackFideId "4132416"]
[EventDate "2017.05.01"]

1. d4 d5 2. Bf4 c5 3. e3 Nc6 4. c3 Nf6 5. Nd2 cxd4 6. exd4 g6 7. Bd3 Bg7 8. Ngf3
O-O 9. h3 Nd7 10. O-O f6 11. Qb3 Nb6 12. Rfe1 Re8 13. Rad1 Kh8 14. Qc2 e5 15.
dxe5 fxe5 16. Bg5 Qd6 17. Nf1 Rf8 18. Qe2 Bf5 19. Bb5 e4 20. N3d2 Qc7 21. Bxc6
bxc6 22. Nb3 Nc4 23. Ne3 Ne5 24. Bf4 Rad8 25. Nd4 Bd7 26. Bg3 Qc8 27. b4 Nd3 28.
Rf1 Rde8 29. a3 Qd8 30. Ng4 h5 31. Ne3 Qg5 32. h4 Qe7 33. Rxd3 exd3 34. Qxd3 Qf6
35. Qa6 Re4 36. Nf3 Qxc3 37. Qxa7 Be8 38. Ng5 Rxe3 39. Qxe3 Qxe3 40. fxe3 Bd7
41. Be5 Rxf1+ 42. Kxf1 Bc8 43. Kf2 Ba6 44. Bxg7+ Kxg7 45. Ne6+ Kf6 46. Nc5 Bc8
47. a4 Ke5 48. a5 Kd6 49. Kf3 Kc7 50. Kf4 Bf5 51. Ke5 Bc2 52. g3 Bf5 53. Kf6 Bc2
54. Ke7 Bf5 55. Ne6+ Kb7 56. Nd4 1-0

[Event "TCh-RUS Women 2017"]
[Site "Sochi RUS"]
[Date "2017.05.05"]
[Round "5.4"]
[Board "4"]
[White "Travkina, Anastasia"]
[Black "Chan, Naruna"]
[Result "1/2-1/2"]
[WhiteTitle "WFM"]
[WhiteElo "2274"]
[BlackElo "2041"]
[WhiteTeam "Donchanka Rostov region"]
[BlackTeam "Bukavushki Tolyatti"]
[WhiteFideId "24129151"]
[BlackFideId "24124290"]
[EventDate "2017.05.01"]

1. e4 c5 2. Nf3 Nc6 3. d4 cxd4 4. Nxd4 e5 5. Nb5 d6 6. N1c3 a6 7. Na3 Be7 8. Nc4
b5 9. Ne3 Nf6 10. Bd3 O-O 11. O-O Rb8 12. Ncd5 Nxd5 13. Nxd5 Bg5 14. Bxg5 Qxg5
15. c3 Ne7 16. Nxe7+ Qxe7 17. Qe2 f5 18. a4 f4 19. f3 b4 20. Rf2 a5 21. Bb5 bxc3
22. Qc4+ Be6 23. Qxc3 Qa7 24. Rd1 Rbc8 25. Qd3 Rfd8 26. Kf1 d5 27. Qb3 Qf7 28.
exd5 Rxd5 29. Rxd5 Bxd5 30. Qd3 Rc1+ 31. Ke2 g6 32. Rf1 Rc8 33. Rd1 Rc5 34. Kf2
Qc7 35. h3 Kf7 36. Kg1 Kf6 37. Qd2 Qb6 38. Kh1 Qc7 39. Qf2 Kg7 40. Qd2 Qb6 41.
Kh2 Qc7 42. Qf2 g5 43. Qd2 h5 44. Qd3 Kf6 45. Be8 g4 46. Bxh5 g3+ 47. Kh1 Bf7
48. Bxf7 Kxf7 49. Qf5+ Ke7 50. Qh7+ Ke6 51. Qg8+ Ke7 52. Qg7+ Ke6 53. Qh6+ Ke7
54. Qg5+ Ke6 55. Qg6+ Ke7 56. Qb1 Kf6 57. b4 axb4 58. Qxb4 Rc1 59. Qe1 Rxd1 60.
Qxd1 Qa5 61. Qd6+ Kf5 62. Qf8+ Ke6 63. Qe8+ Kf6 64. Qh8+ Ke6 65. Qc8+ Kf6 66.
Qc6+ Kf7 67. Qd7+ Kf6 68. Qd6+ Kf7 69. Qd1 Ke7 70. h4 Ke6 71. h5 Qb6 72. Qc2 Qa5
73. Qc6+ Ke7 74. Qb7+ Kf6 75. Qc6+ Ke7 76. Qe4 Qc3 77. Qh7+ Kf8 78. Qb1 Kg7 79.
Qg6+ Kf8 80. Qd6+ Kf7 81. Qd1 Kg7 82. Qb1 Kh8 83. Qd1 Kg7 84. Qb1 Kh8 85. Qb8+
Kg7 86. Qb1 1/2-1/2

[Event "TCh-RUS Women 2017"]
[Site "Sochi RUS"]
[Date "2017.05.07"]
[Round "6.1"]
[Board "4"]
[White "Azimova, Karina"]
[Black "Shuvalova, Polina"]
[Result "1/2-1/2"]
[BlackTitle "WIM"]
[WhiteElo "2059"]
[BlackElo "2385"]
[WhiteTeam "Bukavushki Tolyatti"]
[BlackTeam "Legacy Square Capital Moscow"]
[WhiteFideId "4108310"]
[BlackFideId "24171760"]
[EventDate "2017.05.01"]

1. e4 c6 2. d4 d5 3. exd5 cxd5 4. Bd3 Nc6 5. c3 Qc7 6. h3 Nf6 7. Nf3 g6 8. Qc2
Bg7 9. O-O O-O 10. Be3 Bd7 11. Re1 a6 12. Nbd2 Qc8 13. Nb3 Bf5 14. Bxf5 Qxf5 15.
Qc1 Rfc8 16. Bh6 Ne4 17. Bxg7 Kxg7 18. Qe3 e6 19. Nfd2 Nd6 20. Nc5 Rd8 21. Nd3
b5 22. a3 a5 23. Rac1 Nc4 24. Qe2 Rab8 25. Nf3 Rb6 26. Nc5 h6 27. Nh2 b4 28.
axb4 axb4 29. Na4 Rbb8 30. Ng4 bxc3 31. bxc3 N6a5 32. Rcd1 Rb3 33. Rd3 h5 34.
Rf3 Qg5 35. Nf6 Rbb8 36. Nc5 Nb3 37. Ncd7 Rb7 38. Rg3 Qxg3 39. fxg3 Rdxd7 40.
Nxd7 Rxd7 41. g4 hxg4 42. Qxg4 Nbd2 43. h4 Kf8 44. h5 gxh5 45. Qxh5 Ra7 46. Qh4
Ne4 47. Rxe4 dxe4 48. Qxe4 Rc7 49. Kf2 Nd6 50. Qh4 Ke8 51. Ke2 Rxc3 52. d5 Rc7
53. dxe6 fxe6 54. Qh8+ Ke7 55. Qg7+ Nf7 56. g4 Rc5 57. Qd4 Rd5 58. Qb4+ Kf6 59.
Qf4+ Ke7 60. Kf2 Re5 61. Kg3 Rd5 62. Qb8 Re5 63. Qc7+ Kf6 64. Kf4 Rd5 65. Qc3+
Ke7 66. Qb4+ Kf6 67. Qf8 Rd4+ 68. Kg3 Rd5 69. Kh4 Re5 70. Qb4 Rd5 71. Qf4+ Ke7
72. Qe4 Kf6 73. Qb4 Re5 74. Qd4 Ke7 75. Kg3 Rd5 76. Qb4+ Kf6 77. Qf8 Rd3+ 78.
Kf4 Rd4+ 79. Kf3 Rd8 80. g5+ Kg6 81. Qe7 Nxg5+ 82. Ke3 Rd5 83. Qe8+ Kf5 84. Qf8+
Kg4 85. Qf4+ Kh5 86. Qh2+ Kg6 87. Qb8 Rf5 88. Qe8+ Rf7 89. Qg8+ Kf5 90. Qb8 Kg4
91. Qb4+ Kh5 92. Qd4 Rf3+ 93. Ke2 Rf5 94. Ke3 Rd5 95. Qxd5 1/2-1/2

[Event "TCh-RUS Women 2017"]
[Site "Sochi RUS"]
[Date "2017.05.07"]
[Round "6.2"]
[Board "2"]
[White "Ovod, Evgenija"]
[Black "Goltseva, Ekaterina"]
[Result "1-0"]
[WhiteTitle "IM"]
[BlackTitle "WFM"]
[WhiteElo "2380"]
[BlackElo "2205"]
[WhiteTeam "SDYUSSHOR SHSH St Petersburg"]
[BlackTeam "University Belorechensk"]
[WhiteFideId "4131827"]
[BlackFideId "24173770"]
[EventDate "2017.05.01"]

1. d4 d5 2. Bf4 Nf6 3. e3 c5 4. c3 Nc6 5. Nd2 cxd4 6. exd4 Bf5 7. Qb3 Qc8 8.
Ngf3 e6 9. Nh4 Be4 10. Nxe4 dxe4 11. g3 Be7 12. Ng2 Nd5 13. Bd2 O-O 14. Be2 Qd7
15. Rd1 Rad8 16. Bc1 Qc7 17. O-O Rd7 18. f3 exf3 19. Bxf3 Qd8 20. Ne3 Nxe3 21.
Bxe3 Bf6 22. Bg2 Re8 23. Bf2 Na5 24. Qa4 a6 25. Rfe1 b5 26. Qc2 Qc7 27. d5 e5
28. b3 g6 29. Be3 Bg7 30. Rc1 Bf8 31. Qf2 Nb7 32. c4 bxc4 33. Rxc4 Qb8 34. Rec1
Nd6 35. Rc6 Qb5 36. Qd2 Qb7 37. Rb6 Qa8 38. Qa5 Nf5 39. Rxa6 Qd8 40. Qxd8 Rexd8
41. Bg5 Be7 42. Bxe7 Nxe7 43. Ra5 Nxd5 44. Bxd5 Rxd5 45. Rxd5 Rxd5 46. Rc2 Rd1+
47. Kf2 Rb1 48. Ke3 Kg7 49. Ke4 Re1+ 50. Kd5 f5 51. b4 Kf6 52. b5 e4 53. b6 Rb1
54. Kc6 g5 55. a4 f4 56. gxf4 gxf4 57. a5 e3 58. Re2 Ke5 59. a6 Rc1+ 60. Kb7 Ke4
61. a7 f3 62. Rxe3+ Kxe3 63. a8=Q f2 64. Qa3+ Kd2 65. Qd6+ Ke2 66. Qe7+ Kd2 67.
Qg5+ Kd1 68. Qd5+ Ke2 69. Qe4+ Kd1 70. Qf3+ Ke1 71. Qe3+ 1-0

[Event "TCh-RUS Women 2017"]
[Site "Sochi RUS"]
[Date "2017.05.07"]
[Round "6.2"]
[Board "3"]
[White "Baraeva, Marina"]
[Black "Belenkaya, Dina"]
[Result "1/2-1/2"]
[WhiteTitle "WIM"]
[BlackTitle "WGM"]
[WhiteElo "2169"]
[BlackElo "2290"]
[WhiteTeam "University Belorechensk"]
[BlackTeam "SDYUSSHOR SHSH St Petersburg"]
[WhiteFideId "24142573"]
[BlackFideId "24142654"]
[EventDate "2017.05.01"]

1. d4 d5 2. Nf3 Nf6 3. c4 dxc4 4. e3 e6 5. Bxc4 a6 6. O-O c5 7. Bb3 cxd4 8. exd4
Be7 9. Nc3 Nc6 10. Bg5 O-O 11. Qd2 Na5 12. Bc2 b5 13. Qf4 Bb7 14. Qh4 g6 15. Ne4
Bxe4 16. Bxe4 Ra7 17. Bc2 Nh5 18. Qg4 Bxg5 19. Nxg5 f5 20. Qh4 Rd7 21. Rad1 Nc6
22. d5 exd5 23. g3 h6 24. Ne6 Qxh4 25. gxh4 Rc8 26. Nc5 Rd6 27. Nxa6 Ne5 28. Nb4
Rc4 29. a3 Rxh4 30. Nxd5 Nf3+ 31. Kg2 Nd4 32. Bb1 Rxd5 33. Ba2 Nf4+ 34. Kh1 Nf3
35. Bxd5+ Nxd5 36. Kg2 Nd4 37. Kh1 Nf6 38. Rd3 Ne2 39. Re1 Re4 40. Re3 Nf4 41.
f3 Rxe3 42. Rxe3 N6d5 43. Rb3 Nc7 44. a4 bxa4 45. Rb4 Nfd5 46. Rxa4 Kf7 47. h4
Kf6 48. Kg2 Nb6 49. Ra7 Ncd5 50. Kg3 h5 51. Rb7 Ke6 52. Ra7 Kd6 53. Ra6 Kc5 54.
Ra7 f4+ 55. Kh3 Nc4 56. Rb7 Ne5 57. Rg7 Nb4 58. Rg8 Nbd3 59. b3 Kd4 60. Rb8 Nxf3
61. b4 Nfe5 62. b5 f3 63. b6 f2 64. Kg2 Ng4 65. Rf8 Ne3+ 66. Kh1 Nf5 67. Kg2
Ne3+ 68. Kh1 Nf5 69. Kg2 Ne3+ 70. Kh1 Nf5 71. Kg2 Ne3+ 1/2-1/2

[Event "TCh-RUS Women 2017"]
[Site "Sochi RUS"]
[Date "2017.05.07"]
[Round "6.3"]
[Board "1"]
[White "Ambartsumova, Karina"]
[Black "Gutkovich, Polina"]
[Result "1/2-1/2"]
[WhiteTitle "WGM"]
[WhiteElo "2324"]
[BlackElo "1961"]
[WhiteTeam "Rook Republic of Tatarstan"]
[BlackTeam "Zhiguli Samara region"]
[WhiteFideId "4166299"]
[BlackFideId "34111597"]
[EventDate "2017.05.01"]

1. d4 Nf6 2. c4 e6 3. Nf3 d5 4. e3 Be7 5. Bd3 O-O 6. O-O b6 7. Nc3 dxc4 8. Bxc4
Bb7 9. Qe2 c5 10. Rd1 cxd4 11. exd4 Nd5 12. Ne5 Nxc3 13. bxc3 Nc6 14. Bxe6 Nxe5
15. dxe5 Qc7 16. Rd7 Qc6 17. Bh3 Bc5 18. Rd1 Rfe8 19. Bf4 Rad8 20. Rxd8 Rxd8 21.
Re1 Bc8 22. Bxc8 Qxc8 23. Qe4 Qe6 24. a4 f6 25. h3 fxe5 26. Qxe5 Qxe5 27. Bxe5
Rd2 28. Bg3 Rd3 29. Be5 Rd2 30. Bg3 Rd3 31. Be5 Rd2 32. Bg3 Kf7 33. Kh2 Rc2 34.
Rd1 Ke6 35. Rd8 Rxc3 36. Ra8 a5 37. Ra7 Bd4 38. f4 Ra3 39. Be1 Rxa4 40. g4 Ra1
41. Bh4 Ra2+ 42. Kh1 b5 43. Rb7 b4 44. f5+ Kd5 45. g5 Kc6 46. Rb8 Be5 47. Rc8+
Kd5 48. f6 gxf6 49. gxf6 b3 50. f7 b2 51. Rc5+ Kd4 52. Rb5 Bd6 53. Bf6+ Kc4 54.
Rxb2 Rxb2 55. Bxb2 Bf8 1/2-1/2

[Event "TCh-RUS Women 2017"]
[Site "Sochi RUS"]
[Date "2017.05.07"]
[Round "6.3"]
[Board "3"]
[White "Belova, Olga"]
[Black "Makarova, Darya"]
[Result "1-0"]
[WhiteTitle "WFM"]
[WhiteElo "2050"]
[BlackElo "1827"]
[WhiteTeam "Rook Republic of Tatarstan"]
[BlackTeam "Zhiguli Samara region"]
[WhiteFideId "4138422"]
[BlackFideId "24179078"]
[EventDate "2017.05.01"]

1. e4 e6 2. d4 b6 3. Bd3 Bb7 4. Nf3 c5 5. O-O cxd4 6. Nxd4 Bc5 7. Nb3 Be7 8. c4
d6 9. Nc3 Nf6 10. Qe2 Nc6 11. f4 O-O 12. a3 Nd7 13. Be3 Nc5 14. Bc2 Nxb3 15.
Bxb3 Bf6 16. Qd3 Bxc3 17. Qxc3 Rc8 18. Ba2 Na5 19. Bd4 f6 20. c5 d5 21. b4 Nc6
22. Bf2 Kh8 23. b5 Ne7 24. c6 Qd6 25. e5 fxe5 26. fxe5 Qc7 27. Qh3 Bxc6 28. bxc6
Qxc6 29. Bb1 Nf5 30. Bd3 Qd7 31. Be3 h6 32. Bd2 a5 33. g4 Nd4 34. g5 Nf5 35.
Bxf5 exf5 36. gxh6 g6 37. Bg5 Rc4 38. Bf6+ Kh7 39. Rac1 Rfc8 40. Rxc4 Rxc4 41.
Qe3 Rg4+ 42. Kh1 Qc6 43. Qf3 Re4 44. Rg1 Qc4 45. h3 d4 46. Qg3 Qf7 47. h4 Rg4
48. Qf3 Kxh6 49. Rxg4 fxg4 50. Qf4+ Kh7 51. Qxd4 Qc7 52. Qxg4 Qc1+ 53. Qg1 Qc3
54. Qxb6 Qh3+ 55. Kg1 Qg3+ 56. Kf1 Qd3+ 57. Ke1 Qc3+ 58. Kf2 Qd2+ 59. Kf3 Qd1+
60. Ke4 Qh1+ 61. Kd3 Qf1+ 62. Kc2 Qc4+ 63. Kb2 Qe2+ 64. Kc3 Qe1+ 65. Kc4 Qe2+
66. Kc5 Qe3+ 67. Kb5 Qd3+ 68. Kc6 Qc4+ 69. Kb7 Qd5+ 70. Ka7 Kh6 71. e6 1-0

[Event "TCh-RUS Women 2017"]
[Site "Sochi RUS"]
[Date "2017.05.07"]
[Round "6.3"]
[Board "4"]
[White "Kalashnikova, Elena"]
[Black "Tukaeva, Adelya"]
[Result "0-1"]
[WhiteElo "1720"]
[BlackElo "2004"]
[WhiteTeam "Zhiguli Samara region"]
[BlackTeam "Rook Republic of Tatarstan"]
[WhiteFideId "24133418"]
[BlackFideId "24174360"]
[EventDate "2017.05.01"]

1. e4 c5 2. Nf3 d6 3. Bb5+ Nd7 4. O-O a6 5. Bxd7+ Bxd7 6. h3 Nf6 7. e5 dxe5 8.
Nxe5 e6 9. d3 Bd6 10. Nxd7 Nxd7 11. Nc3 O-O 12. Ne4 Bb8 13. Qh5 f5 14. Ng5 Nf6
15. Qe2 Re8 16. Re1 e5 17. b3 h6 18. Nf3 e4 19. dxe4 fxe4 20. Qc4+ Kh8 21. Nd2
Be5 22. Rb1 Bd4 23. Nf1 b5 24. Qe2 Nd5 25. Bb2 Bxb2 26. Rxb2 Qf6 27. c4 Nf4 28.
Qc2 Nd3 29. Reb1 Nxb2 30. Rxb2 bxc4 31. bxc4 Rab8 32. Rxb8 Rxb8 33. Ng3 Rb2 34.
Qxe4 Qxf2+ 35. Kh2 Qc2 36. Qd5 Qg6 37. Qxc5 Rxa2 38. Qd5 Qg5 39. Qe4 h5 40. Nf5
Rf2 41. Nh4 Rf6 42. c5 Qxc5 43. Ng6+ Kg8 44. Qe8+ Kh7 45. Ne5 Qd6 46. Qxh5+ Kg8
47. Kg1 g6 48. Qg5 Qd4+ 49. Kh2 Qf4+ 50. Qxf4 Rxf4 51. Nxg6 Re4 52. Kg3 a5 53.
Kf3 Re8 54. Nf4 a4 55. Nd5 a3 56. Nc3 Rc8 57. Na2 Rc2 58. Nb4 Rb2 59. Nd3 Rb1
60. Ke4 a2 0-1

[Event "TCh-RUS Women 2017"]
[Site "Sochi RUS"]
[Date "2017.05.08"]
[Round "7.1"]
[Board "2"]
[White "Girya, Olga"]
[Black "Pogorelskikh, Sofia"]
[Result "1/2-1/2"]
[WhiteTitle "WGM"]
[WhiteElo "2476"]
[BlackElo "1964"]
[WhiteTeam "Yugra Khanty-Yugra"]
[BlackTeam "Zhiguli Samara region"]
[WhiteFideId "4195752"]
[BlackFideId "44164548"]
[EventDate "2017.05.01"]

1. d4 Nf6 2. c4 g6 3. Nf3 Bg7 4. g3 d5 5. Bg2 O-O 6. O-O dxc4 7. Na3 Nc6 8. Nxc4
Nd5 9. e4 Nb6 10. Nxb6 axb6 11. d5 Nb8 12. Qc2 c6 13. Rd1 cxd5 14. Rxd5 Qe8 15.
Be3 Be6 16. Rd2 Nc6 17. Bxb6 Bxa2 18. Rad1 Be6 19. Ng5 Bg4 20. f3 Bc8 21. Qb3 h6
22. Nh3 Be6 23. Qb5 Ne5 24. Qxe8 Rfxe8 25. Rd8 Bxh3 26. Rxe8+ Rxe8 27. Bxh3
Nxf3+ 28. Kf2 Ng5 29. Bg2 Bxb2 30. Rd7 e5 31. Rxb7 Ne6 32. h4 Bd4+ 33. Bxd4 Nxd4
34. h5 gxh5 35. Bf3 Nxf3 36. Kxf3 Kg7 37. Rb6 f6 38. Ra6 Kg6 39. Rb6 Kg5 40. Rb7
Rg8 41. Rb1 Rc8 42. Rb7 Rc3+ 43. Kg2 f5 44. exf5 Rc6 45. Rb4 Kxf5 46. Rh4 Kg5
47. Re4 Re6 48. Kf3 Kf5 49. Rh4 Kg5 50. Re4 Rf6+ 51. Ke3 Rf5 52. Ke2 Kf6 53. Ra4
Rg5 54. Kf3 Rg4 55. Ra6+ Kg5 56. Re6 e4+ 57. Kf2 h4 58. gxh4+ Rxh4 59. Re8 Rg4
60. Ke3 h5 61. Rg8+ Kh4 62. Rh8 Rg5 63. Kxe4 Kg3 64. Ra8 h4 65. Ra3+ Kh2 66. Kf4
Rg2 67. Ra8 Rf2+ 68. Kg4 h3 69. Ra3 Rg2+ 70. Kh4 1/2-1/2

[Event "TCh-RUS Women 2017"]
[Site "Sochi RUS"]
[Date "2017.05.08"]
[Round "7.2"]
[Board "1"]
[White "Bodnaruk, Anastasia"]
[Black "Ambartsumova, Karina"]
[Result "1/2-1/2"]
[WhiteTitle "IM"]
[BlackTitle "WGM"]
[WhiteElo "2438"]
[BlackElo "2324"]
[WhiteTeam "SDYUSSHOR SHSH St Petersburg"]
[BlackTeam "Rook Republic of Tatarstan"]
[WhiteFideId "4181751"]
[BlackFideId "4166299"]
[EventDate "2017.05.01"]

1. e4 e5 2. Nf3 Nc6 3. Bb5 Nf6 4. d4 Nxe4 5. d5 Nd6 6. Ba4 e4 7. Ng5 Ne5 8. Nc3
b5 9. Nxb5 Nxb5 10. Bxb5 c6 11. Be2 Qa5+ 12. Bd2 Qxd5 13. Bc3 Nd3+ 14. cxd3 Qxg5
15. O-O Bc5 16. dxe4 O-O 17. e5 d5 18. Kh1 d4 19. f4 Qd8 20. Be1 Qe7 21. Bd3 a5
22. Qh5 g6 23. Qh6 Re8 24. Rc1 Qf8 25. Qg5 Ba6 26. Bxa6 Rxa6 27. Qg3 Rb6 28. f5
Rxb2 29. Qf4 Rb7 30. Bh4 d3 31. fxg6 hxg6 32. Bf6 Rb4 33. Qf3 Be7 34. Qxd3 Bxf6
35. exf6 c5 36. Qd2 a4 37. Qg5 Rb2 38. Rxc5 Rxa2 39. Rc3 Ra3 40. Rc4 Ra2 41. Qh4
a3 42. Rc3 Re5 43. Qg3 Rf5 44. Rg1 Rxf6 45. Rb3 Qc5 46. h3 Kg7 47. Qd3 Rd6 48.
Qf3 Rf2 49. Qa8 a2 50. Rb8 Qd4 51. Rh8 Rf4 52. Re1 Qd2 53. Qf8+ Kf6 54. Qe7+ Kg7
55. Qf8+ Kf6 56. Qe7+ Kg7 57. Qf8+ Kf6 58. Qe7+ 1/2-1/2

[Event "TCh-RUS Women 2017"]
[Site "Sochi RUS"]
[Date "2017.05.08"]
[Round "7.3"]
[Board "3"]
[White "Azimova, Karina"]
[Black "Baraeva, Marina"]
[Result "0-1"]
[BlackTitle "WIM"]
[WhiteElo "2059"]
[BlackElo "2169"]
[WhiteTeam "Bukavushki Tolyatti"]
[BlackTeam "University Belorechensk"]
[WhiteFideId "4108310"]
[BlackFideId "24142573"]
[EventDate "2017.05.01"]

1. e4 d5 2. exd5 Qxd5 3. Nc3 Qd6 4. d4 Nf6 5. Nf3 c6 6. h3 Bf5 7. Ne5 e6 8. g4
Bg6 9. Bg2 Qc7 10. Bf4 Bd6 11. h4 h6 12. Nxg6 fxg6 13. Bxd6 Qxd6 14. g5 hxg5 15.
hxg5 Rxh1+ 16. Bxh1 Qh2 17. gxf6 Qxh1+ 18. Ke2 Qh5+ 19. Ke1 Qxd1+ 20. Rxd1 gxf6
21. Ne4 Ke7 22. Rd3 Nd7 23. Rh3 Nf8 24. c3 Rd8 25. Rh8 Kf7 26. Ke2 Kg7 27. Rh3
Rd5 28. a3 e5 29. dxe5 Rxe5 30. Re3 Ne6 31. Nd6 Nd8 32. b4 Rxe3+ 33. Kxe3 Kf8
34. c4 Ke7 35. c5 Kd7 36. Ke4 b6 37. cxb6 axb6 38. Nc4 b5 39. Nb2 Kd6 40. a4 f5+
41. Ke3 bxa4 42. Nxa4 Ne6 43. Nb6 g5 44. f3 Nf4 45. Nc4+ Kd5 46. Nb6+ Ke6 47.
Nc4 Nd5+ 48. Kd4 Nxb4 49. Ne3 Na6 50. Ng2 c5+ 51. Kc4 Ke5 52. Kb5 Kd4 53. Kxa6
Kd3 54. Kb5 c4 55. Kc5 c3 56. Kd5 Ke2 57. f4 c2 0-1